| 000 | nam a22 a 4500 | ||
|---|---|---|---|
| 999 |
_c2834 _d2834 |
||
| 003 | AKMAL | ||
| 005 | 20170518112643.0 | ||
| 008 | 170518s1998 my 00 may d | ||
| 020 |
_a983046220X (kkt.): _cRM10.00 |
||
| 040 | _aAKMAL | ||
| 082 | 0 | 4 |
_a823 MAL _221 |
| 090 | 0 | 0 |
_a823 _bMAL |
| 245 | 0 | 0 |
_a5005 malam : _bkisah percintaan Qamaruzzaman dengan Puteri Budur / _csusunan: Abu Hikmah Al-Husni |
| 260 |
_aKuala Lumpur : _bDarul Nu'man, _c1998 |
||
| 300 | 0 | 0 |
_avi, 234ms. ; _c21cm |
| 500 | _aJudul kulit depan: 5005 malam: percintaan Qamaruzzaman dengan Puteri Budur | ||
| 650 | 0 |
_aFolklore _zArab countries _92391 |
|
| 650 | 0 |
_aIslamic stories _95980 |
|
| 700 | 0 |
_aAbu Hikmah al-Husni _92027 |
|
| 740 | 0 | 2 | _aLima ribu lima malam: kisah percintaan Qaruzzaman dengan Puteri Budur |
| 942 |
_2ddc _cBOOK |
||